Revista Universitaria : (Record no. 21699)

000 -CABECERA
fixed length control field 01169nam a22002297a 4500
003 - IDENTIFICADOR DEL NÚMERO DE CONTROL
control field AR-CdUCM
008 - DATOS DE LONGITUD FIJA--INFORMACIÓN GENERAL
fixed length control field 190425b ||||| |||| 00| 0 spa d
040 ## - FUENTE DE LA CATALOGACIÓN
Agencia/entidad que catalogó originalmente la obra MUNICIPALIDAD PROVINCIAL DEL CUSCO
Entidad que transcribió la catalogación BIBLIOTECA MUNICIPAL DEL CUSCO
082 ## - NÚMERO DE LA CLASIFICACIÓN DECIMAL DEWEY
No. de Clasificación Rev.Univ/N°24,25/1918
Notacion interna Rev.Univ/N°24,25/1918
110 ## - ENTRADA PRINCIPAL--NOMBRE DE ENTIDAD CORPORATIVA
Nombre de la institución, jurisdicción como entrada principal Universidad Nacional de San Antonio Abad del Cusco
9 (RLIN) 15942
245 ## - MENCIÓN DE TÍTULO
Título Revista Universitaria :
Resto del título Órgano de la Universidad del Cuzco /
260 ## - PUBLICACIÓN, DISTRIBUCIÓN, ETC.
Lugar de publicación, distribución, etc. Cusco :
Nombre de la editorial, distribuidor, etc. El Trabajo,
Fecha de publicación, distribución, etc. junio,1918.
-- setiembre, 1918.
300 ## - DESCRIPCIÓN FÍSICA
Nº de Páginas Extensión 101 páginas. :
Dimensiones 20 cm.
440 ## - MENCIÓN DE SERIE/PUNTO DE ACCESO ADICIONAL--TÍTULO
Título Revista Universitaria
Número de la parte/sección de una obra Año VII, junio, setiembre 1918, N°24,25
9 (RLIN) 45806
505 ## - NOTA DE CONTENIDO CON FORMATO
Nota de contenido formateada Contenido: Apuntes para la historia del Cuzco. -- Discurso de apertura abril 1918. José Gabriel Cosio. -- Flora Apurimensis. -- Fortunato L. Herrera. -- Las universidades menores. César Antonio Ugarte. -- La riqueza forestal del departamento del Cuzco. M Carmen García. -- Crónica universitaria.
650 ## - PUNTO DE ACCESO ADICIONAL DE MATERIA--TÉRMINO DE MATERIA
Descriptor Universidades
9 (RLIN) 2151
650 ## - PUNTO DE ACCESO ADICIONAL DE MATERIA--TÉRMINO DE MATERIA
Descriptor Botánica cusqueña
9 (RLIN) 45807
650 ## - PUNTO DE ACCESO ADICIONAL DE MATERIA--TÉRMINO DE MATERIA
Descriptor Siglo XX
9 (RLIN) 45802
710 ## - PUNTO DE ACCESO ADICIONAL--NOMBRE DE ENTIDAD CORPORATIVA
Nombre corporativo (En letras Mayúsculas) Universidad Nacional de San Antonio Abad del Cusco
9 (RLIN) 15942
942 ## - ELEMENTOS DE PUNTO DE ACCESO ADICIONAL (KOHA)
Fuente de clasificación
Tipo de item Revistas cusqueñas
945 ## - PROCESAMIENTO DE INFORMACIÓN LOCAL (OCLC)
Catalogador rac
Holdings
Estado de retiro (separado) Fuente de clasificación o esquema de estanterías Estado dañado Ubicación Sala donde se ubica Nombre de la colección Fecha de adquisición o compra Costo, precio normal en soles Signatura topográfica Código de Barras Última vez visto (Koha) Tipo de ítem (Koha)
No     Sala Hemeroteca Sala Hemeroteca Book Cart 2021-04-13 10.00 Rev.Univ/N°24,25/1918 REVC000025 2021-04-13 Revistas cusqueñas

Powered by Koha